| 000 | 00816nam a2200277Ia 4500 | ||
|---|---|---|---|
| 001 | Para_6949 | ||
| 003 | CHAP | ||
| 008 | 220125s1983 xx 000 0 und d | ||
| 010 | _a205668 | ||
| 040 | _cCHAP | ||
| 090 | _aPA FOLLETO 834 | ||
| 100 |
_aGarcía Lidón, Angel _946198 |
||
| 245 |
_aVariedades de limnoero selección clonal / _c por Angel García Lidon, Jesús M. Ortíz Marcide |
||
| 260 |
_aMadrid : _b INIA |
||
| 300 | _a27 p. | ||
| 650 |
_aLimón _x variedades _966852 |
||
| 700 |
_aOrtíz Marcide, Jesús M. _9171726 |
||
| 710 |
_aInstituto Nacional de Investigaciones Agrarias (España) _9157019 |
||
| 901 | _aPA FOLLETO 834 | ||
| 902 | _aA | ||
| 905 | _a0000001983 a 0000000000 00 | ||
| 910 | _a1983 | ||
| 942 | _cPARA | ||
| 942 |
_cPARA _d1 |
||
| 999 |
_c205668 _d205668 |
||